[Event "Titled Tue 24th Jun Early"]
[Site "chess.com INT"]
[Date "2025.06.24"]
[Round "3"]
[White "Alvarado, Carlos"]
[Black "Lohia, Sohum"]
[Result "0-1"]
[WhiteTitle "CM"]
[BlackTitle "FM"]
[WhiteElo "2032"]
[BlackElo "2364"]
[WhiteFideId "3800555"]
[BlackFideId "5819369"]
[EventDate "2025.06.24"]

1. Nf3 Nf6 2. d4 b6 3. c4 Bb7 4. Nc3 Ne4 5. Qc2 Nxc3 6. Qxc3 g6 7. d5 f6 8. h4
Bg7 9. h5 c6 10. Qc2 f5 11. hxg6 hxg6 12. Rxh8+ Bxh8 13. Nh4 Kf7 14. g4 e6 15.
Nf3 cxd5 16. gxf5 gxf5 17. Bg5 Qc7 18. Nd2 dxc4 19. e4 Nc6 20. exf5 Qe5+ 21. Be3
Qxf5 22. Qxf5+ exf5 23. Nxc4 Be5 24. O-O-O Rd8 25. Bg2 Bc7 26. Bd5+ Kf6 27. Rg1
f4 28. Bd2 Ba6 29. Bc3+ Ne5 30. Nd2 Ke7 31. Ne4 Rf8 32. Rg7+ Kd8 33. Kd2 Nc4+
34. Kc1 Ne5 35. b3 Bd3 36. Ng5 Bf5 37. Kb2 Nd3+ 38. Ka1 Nxf2 39. Nf7+ Kc8 40.
Nh6 Be6 41. Bf3 Nd3 42. Ng4 Bxg4 43. Bxg4 Ne5 44. Bh3 f3 45. Bf1 f2 46. Kb1 Nf3
47. Kc2 Nh2 48. Ba6+ Kb8 49. Bb4 f1=Q 50. Bxf1 Rxf1 51. Rxd7 Rf2+ 52. Kb1 Rg2
53. a4 Nf3 54. Bd6 Bxd6 55. Rxd6 Nd2+ 0-1

[Event "Titled Tue 24th Jun Early"]
[Site "chess.com INT"]
[Date "2025.06.24"]
[Round "3"]
[White "Ivanov, Andrey A."]
[Black "Subramanian, Anusha"]
[Result "0-1"]
[WhiteTitle "CM"]
[BlackTitle "WFM"]
[WhiteElo "2120"]
[BlackElo "2045"]
[WhiteFideId "2514311"]
[BlackFideId "477710"]
[EventDate "2025.06.24"]

1. Nf3 d5 2. d4 Nf6 3. c4 c6 4. Nc3 dxc4 5. a4 Bf5 6. Ne5 e6 7. f3 Nbd7 8. Nxc4
Bb4 9. e4 Bg6 10. Bf4 O-O 11. Be2 b5 12. axb5 cxb5 13. Ne5 Nxe5 14. Bxe5 Nd7 15.
Bg3 a6 16. O-O Nb6 17. Bf2 Qc7 18. Qb3 Bd6 19. g3 Rfc8 20. Rfc1 Qd7 21. Nd1 Rxc1
22. Rxc1 Rc8 23. Ra1 Na4 24. Nc3 Nxc3 25. bxc3 Qc6 26. Be1 h5 27. Qa2 b4 28.
cxb4 Rb8 29. Qa5 Qc2 30. Bf1 Qb2 31. Bf2 Bxb4 32. Qxa6 Bc3 33. Qa7 Rb7 34. Qa8+
Kh7 35. Rd1 Qc2 36. Qxb7 Qxd1 37. Qb5 Bxd4 38. Qe2 Bxf2+ 39. Qxf2 Qd6 40. Kg2
Qe7 41. Be2 Qg5 42. f4 Bxe4+ 43. Bf3 Bxf3+ 44. Qxf3 Qd5 45. Qxd5 exd5 46. Kf3
Kg6 47. Ke3 Kf5 48. Kd4 Kg4 49. Kxd5 h4 50. gxh4 Kxf4 51. Kd6 Kg4 52. Ke7 f5 53.
Kf7 Kxh4 54. Kxg7 f4 0-1

[Event "Titled Tue 24th Jun Early"]
[Site "chess.com INT"]
[Date "2025.06.24"]
[Round "3"]
[White "Atoyan, Alberto"]
[Black "Adhiban, Baskaran"]
[Result "0-1"]
[WhiteTitle "CM"]
[BlackTitle "GM"]
[WhiteElo "2266"]
[BlackElo "2509"]
[WhiteFideId "13314831"]
[BlackFideId "5018471"]
[EventDate "2025.06.24"]

1. d4 Nf6 2. c4 b6 3. f3 Nc6 4. d5 Ne5 5. e4 Ng6 6. Nc3 e5 7. Be3 Bc5 8. Qd2 O-O
9. Bd3 c6 10. Nge2 cxd5 11. cxd5 Nh5 12. O-O Qg5 13. Nd1 Nhf4 14. Nxf4 exf4 15.
Bxc5 bxc5 16. d6 Rb8 17. Rc1 Rb6 18. Nc3 Rxd6 19. Nd5 Bb7 20. Rxc5 Bxd5 21. Bc4
Ne5 22. Bxd5 Kh8 23. Kh1 Rh6 24. g3 Qxg3 25. Qg2 Qh4 26. Bb3 Rg6 27. Qe2 d6 28.
Rc7 a5 29. Qf2 Qh3 30. Rg1 Rxg1+ 31. Kxg1 Nxf3+ 32. Kh1 Ne5 33. Qxf4 Qh5 34. Qf2
Qg4 35. Bd5 h5 36. Rc1 f5 37. Rg1 Qh3 38. exf5 Rxf5 39. Qg2 Qxg2+ 40. Kxg2 Nd3
41. Bb3 Rg5+ 42. Kh1 Rxg1+ 43. Kxg1 Nxb2 44. Kf2 Nd3+ 45. Ke3 Nc5 46. Bc4 g5 47.
Kd4 Kg7 48. Kd5 Kf6 49. Kxd6 Ne4+ 50. Kc6 g4 51. Kb5 Nd2 52. Be2 Nf3 53. Kxa5
Nxh2 54. Kb6 g3 0-1

[Event "Titled Tue 24th Jun Early"]
[Site "chess.com INT"]
[Date "2025.06.24"]
[Round "3"]
[White "Aarav Sinha"]
[Black "Cardozo Munar, Carlos Eduardo"]
[Result "0-1"]
[WhiteTitle "FM"]
[BlackTitle "FM"]
[WhiteElo "2255"]
[BlackElo "2052"]
[WhiteFideId "25674064"]
[BlackFideId "4409477"]
[EventDate "2025.06.24"]

1. d4 d5 2. Bf4 e6 3. Nf3 Bd6 4. Bg3 Ne7 5. e3 O-O 6. Bd3 c5 7. c3 h6 8. Nbd2
Nbc6 9. Qe2 a6 10. O-O Bxg3 11. hxg3 b5 12. dxc5 e5 13. e4 Bg4 14. exd5 Qxd5 15.
Qe4 Bxf3 16. Nxf3 f5 17. Qxd5+ Nxd5 18. Bc2 Rad8 19. Rad1 Nde7 20. Rd6 g6 21.
Rfd1 Kg7 22. Rxd8 Rxd8 23. Rxd8 Nxd8 24. Nxe5 Kf6 25. Nf3 g5 26. Kf1 Ne6 27. b4
Nd5 28. a3 Nxc3 29. Ke1 a5 30. Bb3 a4 31. Bc2 g4 32. Nh4 Nd4 33. Kd2 Nxc2 34.
Kxc3 Nxa3 35. c6 Nc4 36. c7 Nd6 37. Kd4 h5 38. Kc5 Nc8 39. Kd4 Ne7 40. f3 Ke6
41. fxg4 hxg4 42. Kc3 Kd7 43. c8=Q+ Kxc8 44. Kd4 Kd7 45. Kc3 Ke6 46. Kd3 Ke5 47.
Kc3 Kf6 48. Kd4 Kg5 49. Kc3 Nd5+ 50. Kb2 Nxb4 51. Kc3 Nd5+ 52. Kd4 a3 0-1

[Event "Titled Tue 24th Jun Early"]
[Site "chess.com INT"]
[Date "2025.06.24"]
[Round "3"]
[White "Jimenez Salas, Maria Teresa"]
[Black "Akhmedov, David"]
[Result "0-1"]
[WhiteTitle "WIM"]
[BlackTitle "FM"]
[WhiteElo "2170"]
[BlackElo "2447"]
[WhiteFideId "3843866"]
[BlackFideId "34220194"]
[EventDate "2025.06.24"]

1. e4 e5 2. Nf3 Nc6 3. d4 exd4 4. Nxd4 Bc5 5. Nb3 Bb6 6. Qe2 d6 7. Nc3 Nge7 8.
Be3 Be6 9. O-O-O Qd7 10. h3 O-O-O 11. f4 Rhe8 12. Bxb6 axb6 13. Nd4 Nxd4 14.
Rxd4 f5 15. Ra4 Kb8 16. Nb5 c6 17. Nd4 fxe4 18. Qxe4 Nf5 19. Bd3 Ng3 20. Qe1
Nxh1 21. Qxh1 b5 22. Ra3 b4 23. Ra4 Bd5 24. Qf1 Qe7 25. Ne2 c5 26. a3 c4 27. Qf2
Qe3+ 28. Qxe3 Rxe3 29. Kd2 Rde8 30. Nd4 cxd3 31. cxd3 bxa3 32. bxa3 Bxg2 33. Nf5
Re2+ 34. Kc3 Rc8+ 35. Kd4 Bxh3 36. Nxd6 Rd8 37. Kc5 Rc2+ 38. Nc4 Rxd3 39. Rb4
Be6 40. Kb6 Rxc4 41. Rb1 Rd6+ 42. Kb5 Rdd4 0-1

[Event "Titled Tue 24th Jun Early"]
[Site "chess.com INT"]
[Date "2025.06.24"]
[Round "3"]
[White "Murzin, Volodar"]
[Black "Shogdzhiev, Roman"]
[Result "1-0"]
[WhiteTitle "GM"]
[BlackTitle "FM"]
[WhiteElo "2666"]
[BlackElo "2402"]
[WhiteFideId "44155573"]
[BlackFideId "55653537"]
[EventDate "2025.06.24"]

1. d4 d5 2. Nf3 Nf6 3. Bf4 Bf5 4. e3 e6 5. Nbd2 Bd6 6. Bg3 O-O 7. c3 h6 8. Qb3
b6 9. Be2 c5 10. Ne5 Qc7 11. O-O Nbd7 12. f4 Ne4 13. Nxe4 Bxe4 14. Qa4 Nf6 15.
Bh4 Nh7 16. Rad1 f6 17. Nd3 g5 18. Bg3 Bxd3 19. Bxd3 f5 20. Rc1 c4 21. Bb1 Nf6
22. Qd1 Kg7 23. Qf3 b5 24. Be1 a5 25. g3 Qd7 26. Qe2 Rfc8 27. b3 Ba3 28. Rc2 b4
29. cxb4 cxb3 30. Rxc8 Rxc8 31. bxa5 b2 32. Qd3 Qa4 33. Qb3 Qxb3 34. axb3 Nd7
35. Bd2 Nb8 36. Kf2 Kf7 37. Ke2 Ke7 38. Bd3 Rc1 39. b4 Kd6 40. b5 Ra1 41. Rb1
Nd7 42. Kd1 Kc7 43. Kc2 gxf4 44. gxf4 Nf6 45. h3 Ne4 46. Bxe4 fxe4 47. Bc3 Rxb1
48. Kxb1 Be7 49. Bxb2 Bh4 50. Kc2 1-0

[Event "Titled Tue 24th Jun Early"]
[Site "chess.com INT"]
[Date "2025.06.24"]
[Round "3"]
[White "Abdsattar, Alisher"]
[Black "Baskakov, Egor"]
[Result "1/2-1/2"]
[WhiteTitle "CM"]
[BlackTitle "CM"]
[WhiteElo "2030"]
[BlackElo "2215"]
[WhiteFideId "13749358"]
[BlackFideId "24197866"]
[EventDate "2025.06.24"]

1. e4 c5 2. Nf3 Nf6 3. Nc3 d5 4. exd5 Nxd5 5. Bb5+ Bd7 6. Qe2 Nc7 7. Bxd7+ Qxd7
8. O-O Nc6 9. d3 f6 10. Be3 e5 11. Rad1 Be7 12. Ne4 Ne6 13. c3 f5 14. Ned2 f4
15. Bxc5 Nxc5 16. Nxe5 Nxe5 17. Qxe5 O-O 18. d4 Na6 19. Nf3 Rae8 20. Rfe1 Nc7
21. Qa5 a6 22. h3 Bd6 23. c4 Rxe1+ 24. Rxe1 Re8 25. Rxe8+ Nxe8 26. Qd5+ Qf7 27.
Qe4 Nf6 28. Qd3 Qe6 29. d5 Qe4 30. Qb3 h6 31. Qb6 Qb1+ 32. Kh2 Ne4 33. Qxb7 Nxf2
34. Qc8+ Kh7 35. Ng1 f3+ 36. g3 Bxg3+ 37. Kxg3 Qxg1+ 38. Kxf3 Nd1 39. Qf5+ Kg8
40. Qe6+ Kf8 41. Qf5+ Ke7 42. Qe5+ Kd8 43. Qd6+ Ke8 44. Qe6+ Kd8 45. Qd6+ Kc8
46. Qc6+ Kb8 47. Qe8+ Kc7 48. Qe7+ Kb6 49. d6 Qf2+ 50. Ke4 Qg2+ 51. Ke5 Qe2+ 52.
Kf5 Qf3+ 53. Ke6 Qe4+ 54. Kf7 Qxc4+ 55. Ke8 Qg8+ 56. Kd7 Kb7 57. Qe4+ Kb8 58.
Qb4+ Ka7 59. Qd4+ Kb7 60. Qxd1 Qf7+ 61. Kd8 Qf8+ 62. Kd7 Qf7+ 63. Kd8 Qf8+ 64.
Kd7 Qf7+ 1/2-1/2

[Event "Titled Tue 24th Jun Early"]
[Site "chess.com INT"]
[Date "2025.06.24"]
[Round "3"]
[White "Gavarrete, Nahun"]
[Black "Tristan, Leonardo"]
[Result "0-1"]
[WhiteTitle "FM"]
[BlackTitle "GM"]
[WhiteElo "2281"]
[BlackElo "2536"]
[WhiteFideId "8400709"]
[BlackFideId "113816"]
[EventDate "2025.06.24"]

1. e4 d5 2. exd5 Qxd5 3. Nc3 Qa5 4. Nf3 Nf6 5. d4 Bf5 6. Be3 e6 7. Bd3 c6 8. Qd2
Nbd7 9. Ne2 Qxd2+ 10. Nxd2 Bxd3 11. cxd3 Nd5 12. a3 Bd6 13. O-O-O O-O 14. Ne4
Bc7 15. N2c3 Rac8 16. Kb1 Rfd8 17. Nc5 Nxc5 18. dxc5 Rd7 19. Kc2 Rcd8 20. Rd2 f6
21. g3 e5 22. Rhd1 Kf7 23. d4 Nxc3 24. bxc3 Ke6 25. Kb3 h5 26. h4 Kf5 27. Kc4
Ke4 28. a4 Ba5 29. Rd3 Rd5 30. R3d2 b6 31. dxe5 fxe5 32. Rxd5 cxd5+ 33. Kb5 Bxc3
34. cxb6 axb6 35. Bxb6 Rf8 36. a5 d4 37. a6 Rxf2 38. a7 Ra2 39. Kc6 d3 40. Kb7
d2 41. a8=Q Rxa8 42. Kxa8 Kd3 43. Kb7 e4 44. Kc6 e3 45. Bxe3 Kxe3 46. Kc5 Ke2
47. Rb1 d1=Q 48. Rxd1 Kxd1 49. Kd5 Be1 50. Ke4 Bxg3 51. Kf5 Bxh4 52. Kg6 Bf6 53.
Kxh5 Ke2 54. Kg6 Kd3 55. Kf7 Ke4 56. Kg6 Ke5 57. Kh5 Kf4 58. Kg6 Kg4 59. Kf7 Kf5
60. Kg8 g5 61. Kh7 g4 62. Kh6 g3 63. Kh5 g2 64. Kh6 g1=Q 65. Kh7 Qg7# 0-1

[Event "Titled Tue 24th Jun Early"]
[Site "chess.com INT"]
[Date "2025.06.24"]
[Round "3"]
[White "Bratovic, Blaz"]
[Black "Tang, Andrew"]
[Result "0-1"]
[WhiteTitle "IM"]
[BlackTitle "GM"]
[WhiteElo "2319"]
[BlackElo "2529"]
[WhiteFideId "14603551"]
[BlackFideId "2059630"]
[EventDate "2025.06.24"]

1. e4 e5 2. Nf3 Nc6 3. Bb5 g6 4. d4 exd4 5. Bg5 Be7 6. Bxe7 Qxe7 7. O-O Qc5 8.
Bxc6 dxc6 9. Qxd4 Qxd4 10. Nxd4 Ne7 11. Nc3 c5 12. Nb3 b6 13. a4 Be6 14. Nb5 Kd7
15. Rfd1+ Kc6 16. Nd2 a6 17. Nc3 Rad8 18. Nf3 h6 19. Ne5+ Kb7 20. f4 f6 21. Nf3
Nc6 22. Kf2 Nb4 23. Rac1 Rhe8 24. Rxd8 Rxd8 25. Ke3 g5 26. f5 Bd7 27. g4 Re8 28.
Ne1 h5 29. h3 Nc6 30. Nf3 Nb4 31. Ne1 Bc6 32. Nf3 b5 33. axb5 axb5 34. Nd2 Kb6
35. Kf3 hxg4+ 36. hxg4 Rh8 37. Kg3 Bb7 38. Nb3 c4 39. Nd4 Rd8 40. Ne6 Rd2 41. e5
fxe5 42. f6 Rg2+ 43. Kh3 Rf2 44. Nxg5 Rxf6 45. Nce4 Rf4 46. Ng3 Bc8 47. Kh4
Rxg4+ 48. Kh5 Rxg3 49. Nf7 Nc6 50. Re1 Bd7 51. Nxe5 Nxe5 52. Rxe5 Rg2 53. Rd5
Bc6 54. Rd8 Rxc2 55. Kh4 Rxb2 0-1

[Event "Titled Tue 24th Jun Early"]
[Site "chess.com INT"]
[Date "2025.06.24"]
[Round "3"]
[White "Begunov, Konstantin"]
[Black "Chernov, Alexander A."]
[Result "1-0"]
[WhiteTitle "FM"]
[BlackTitle "FM"]
[WhiteElo "2325"]
[BlackElo "2314"]
[WhiteFideId "4118510"]
[BlackFideId "4152492"]
[EventDate "2025.06.24"]

1. d4 Nf6 2. c4 e6 3. Nf3 b6 4. g3 Bb7 5. Bg2 Bb4+ 6. Nbd2 a5 7. O-O O-O 8. Qc2
d5 9. cxd5 exd5 10. Ne5 Bd6 11. Ndf3 c5 12. Bf4 c4 13. a4 Na6 14. b3 Nb4 15. Qb2
Rc8 16. bxc4 dxc4 17. Rac1 Ba6 18. Nd2 c3 19. Rxc3 Bxe2 20. Rxc8 Qxc8 21. Rc1
Qf5 22. Ne4 Bxe5 23. Qxe2 Bxf4 24. gxf4 Qxf4 25. Rd1 Nfd5 26. h3 h6 27. Qh5 f5
28. Ng3 Kh7 29. Re1 Qg5 30. Qf3 Nf4 31. Re5 Nxg2 32. Qxg2 Qf4 33. Re7 Qxd4 34.
Nh5 Rg8 35. Rf7 Nd5 36. Rxf5 Nc3 37. Rf7 Ne2+ 38. Kh1 Qa1+ 39. Kh2 Qe5+ 40. Kh1
Qa1+ 41. Kh2 Qe5+ 42. f4 Qb2 43. Nf6+ Kh8 44. Nxg8 Kxg8 45. Re7 Qd2 46. Rxe2
Qxf4+ 47. Qg3 Qf7 48. Rg2 Kh7 49. Qd6 1-0

[Event "Titled Tue 24th Jun Early"]
[Site "chess.com INT"]
[Date "2025.06.24"]
[Round "3"]
[White "Dragnev, Valentin"]
[Black "Rieger, Robert"]
[Result "1/2-1/2"]
[WhiteTitle "GM"]
[BlackTitle "FM"]
[WhiteElo "2547"]
[BlackElo "2334"]
[WhiteFideId "1634852"]
[BlackFideId "1625527"]
[EventDate "2025.06.24"]

1. e4 c5 2. Nf3 Nc6 3. Bc4 g6 4. O-O Bg7 5. c3 e6 6. d4 cxd4 7. cxd4 d5 8. exd5
exd5 9. Bb5 Ne7 10. Bg5 O-O 11. Bxc6 bxc6 12. Re1 f6 13. Bd2 Rf7 14. Nc3 Nf5 15.
Na4 g5 16. h3 Bf8 17. Rc1 Qc7 18. Nc5 Rb8 19. b3 Re7 20. Rxe7 Bxe7 21. Qe2 Bd6
22. Qe8+ Kg7 23. Ne6+ Bxe6 24. Qxe6 Qc8 25. Qe2 Qd7 26. Qa6 Rc8 27. Qd3 h5 28.
Ne1 Re8 29. Nc2 Re4 30. f3 Re7 31. Re1 Bc7 32. Rxe7+ Nxe7 33. Ne3 h4 34. Ng4 Qf5
35. Qe2 Ng6 36. Qe8 Qb1+ 37. Kf2 Bg3+ 38. Ke3 Bf4+ 39. Ke2 Qc2 40. Qd7+ Kh8 41.
Qc8+ Kh7 42. Qb7+ Kh8 43. Qa8+ Kg7 44. Qxa7+ Kh8 45. Qa8+ Kg7 46. Qb7+ Kh8 47.
Qc8+ Kg7 48. Qd7+ Kh8 49. Qe8+ Kg7 50. Qd7+ Kh8 51. Qc8+ Kg7 52. Qb7+ Kg8 53.
Qa8+ Kg7 54. Qa7+ Kh8 55. Qa8+ Kg7 1/2-1/2

[Event "Titled Tue 24th Jun Early"]
[Site "chess.com INT"]
[Date "2025.06.24"]
[Round "3"]
[White "Caruana, Fabiano"]
[Black "Povshednyi, Ivan"]
[Result "0-1"]
[WhiteTitle "GM"]
[BlackTitle "FM"]
[WhiteElo "2777"]
[BlackElo "2309"]
[WhiteFideId "2020009"]
[BlackFideId "14190907"]
[EventDate "2025.06.24"]

1. e4 c5 2. Nc3 Nc6 3. Bb5 Nd4 4. Nf3 a6 5. Bd3 Nc6 6. O-O d6 7. Bc4 Nf6 8. d4
cxd4 9. Nxd4 Bd7 10. Nxc6 Bxc6 11. Re1 e6 12. a4 Be7 13. a5 O-O 14. Be3 Rc8 15.
Bb6 Qe8 16. Bf1 Nd7 17. Bd4 Qd8 18. h3 Qc7 19. Qd3 Bf6 20. Red1 Rfd8 21. Qe3
Bxd4 22. Rxd4 Nf6 23. Bd3 Qe7 24. Rd1 e5 25. Rc4 h6 26. Bf1 Qe6 27. Rb4 Qe7 28.
Rb3 Qc7 29. Ra3 Bd7 30. Rd2 Be6 31. Ra1 Qc5 32. Qxc5 Rxc5 33. f3 Kf8 34. Nd1 Ke7
35. Ne3 d5 36. exd5 Nxd5 37. Nxd5+ Rdxd5 38. Rxd5 Rxd5 39. Bd3 f5 40. Kf2 Kf6
41. Ke2 Rd7 42. Ra4 Rd5 43. Ra3 Rc5 44. Kd2 Bd5 45. b4 Rc8 46. h4 g5 47. hxg5+
hxg5 48. Ra1 e4 49. fxe4 fxe4 50. Bf1 Ke5 51. Re1 Kd4 52. Re3 Rxc2+ 53. Kxc2
Kxe3 54. Kc3 Kf2 0-1

[Event "Titled Tue 24th Jun Early"]
[Site "chess.com INT"]
[Date "2025.06.24"]
[Round "3"]
[White "Giri, Anish"]
[Black "Kornev, Alexei"]
[Result "1-0"]
[WhiteTitle "GM"]
[BlackTitle "GM"]
[WhiteElo "2748"]
[BlackElo "2500"]
[WhiteFideId "24116068"]
[BlackFideId "4120949"]
[EventDate "2025.06.24"]

1. d4 Nf6 2. c4 e6 3. Nf3 d5 4. Nc3 Bb4 5. cxd5 exd5 6. Bg5 h6 7. Bh4 O-O 8. e3
Bf5 9. Be2 c5 10. O-O Bxc3 11. bxc3 c4 12. Ne5 g5 13. Bg3 Ne4 14. Rc1 f6 15. Ng4
Kg7 16. Bxb8 Rxb8 17. f3 Nd6 18. e4 Bxg4 19. fxg4 Nxe4 20. Bf3 Qd7 21. Bxe4 dxe4
22. Rf5 Rbe8 23. Qe2 b5 24. a4 a6 25. axb5 axb5 26. Rb1 e3 27. Rfxb5 Re7 28. h3
Rfe8 29. Rb6 Qd5 30. Rf1 Re6 31. Rb4 Rc8 32. Re1 Qe4 33. Rxc4 Rxc4 34. Qxc4 e2
35. Qc7+ Re7 36. Qg3 Qc2 37. Qf3 Qd2 38. Kf2 Qc2 39. Rxe2 Rxe2+ 40. Qxe2 Qxc3
41. Qe7+ Kg6 42. Qe4+ Kg7 43. Qe3 Qc2+ 44. Kf3 Qc6+ 45. Qe4 Qc3+ 46. Ke2 Qb2+
47. Ke3 Qb3+ 48. Qd3 Qe6+ 49. Kf3 Qd5+ 50. Kf2 Qa2+ 51. Qe2 Qd5 52. Qe3 Qa2+ 53.
Kg3 Qd5 54. Qe7+ Kg6 55. Qf8 Qb3+ 56. Kh2 Qd5 57. Qe8+ Kg7 58. Qe3 Qd6+ 59. Kg1
Qd5 60. Qd3 Kg8 61. Qg6+ Kf8 62. Qxf6+ Kg8 63. Qg6+ Kh8 64. Qxh6+ Kg8 65. Qg6+
Kh8 66. Qf6+ Kg8 67. Qe5 Qd8 68. Kh2 Kh7 69. d5 1-0

[Event "Titled Tue 24th Jun Early"]
[Site "chess.com INT"]
[Date "2025.06.24"]
[Round "3"]
[White "Araujo Filho, Luiz Antonio Coel"]
[Black "Ganzhurov, Roman"]
[Result "0-1"]
[BlackTitle "FM"]
[WhiteElo "2077"]
[BlackElo "2082"]
[WhiteFideId "2130661"]
[BlackFideId "4179501"]
[EventDate "2025.06.24"]

1. d4 Nf6 2. Nf3 d5 3. e3 Bg4 4. Nbd2 Nbd7 5. Be2 c5 6. O-O e6 7. b3 Bd6 8. Bb2
cxd4 9. exd4 O-O 10. c4 Rc8 11. Re1 h6 12. h3 Bh5 13. Bd3 Re8 14. g4 Nxg4 15.
hxg4 Bxg4 16. Be2 Bf5 17. Nf1 Nf6 18. Ne5 Ne4 19. Nf3 Qf6 20. Ne3 Bh3 21. Ng2
Qg6 22. Bf1 Bg4 23. Qd3 Qh5 24. Ne5 Bxe5 25. dxe5 Ng5 26. Re3 dxc4 27. bxc4 Red8
28. Qb3 Nf3+ 29. Rxf3 Bxf3 30. Re1 Bc6 31. Ba3 Rd2 32. Bb4 Rd4 33. Bd6 Rg4 34.
f3 Rg3 35. Qe3 Rxf3 36. Qxa7 Rd8 37. Qd4 Rg3 38. Qf2 Qg4 39. Re2 Ra8 40. c5 Raa3
41. Rd2 Raf3 42. Qe2 Rxf1+ 43. Qxf1 Bxg2 44. Rxg2 Qd4+ 45. Kh1 Rh3+ 46. Rh2 Qd5+
47. Qg2 Rf3 48. Rh3 Rxh3+ 0-1

[Event "Titled Tue 24th Jun Early"]
[Site "chess.com INT"]
[Date "2025.06.24"]
[Round "3"]
[White "Oatlhotse, Providence"]
[Black "Yushko, Olga"]
[Result "1-0"]
[WhiteTitle "IM"]
[BlackTitle "WFM"]
[WhiteElo "2241"]
[BlackElo "2033"]
[WhiteFideId "11300507"]
[BlackFideId "14114500"]
[EventDate "2025.06.24"]

1. d4 Nf6 2. c4 e6 3. Nf3 d5 4. g3 Be7 5. Bg2 O-O 6. O-O dxc4 7. Qc2 a6 8. a4
Bd7 9. Rd1 Bc6 10. Nc3 h6 11. e4 Bb4 12. Ne5 Bxc3 13. bxc3 b5 14. d5 exd5 15.
Nxc6 Nxc6 16. exd5 Ne5 17. d6 cxd6 18. Bf4 Nfd7 19. Rxd6 Qe7 20. Rad1 Rad8 21.
Qe4 f6 22. Qd5+ Qf7 23. Bxe5 fxe5 24. Rxd7 Rxd7 25. Qxd7 Qxf2+ 26. Kh1 Kh8 27.
Rf1 Qc5 28. Rxf8+ Qxf8 29. Qb7 bxa4 30. Qxa6 a3 31. Qxc4 g6 32. h4 Kg7 33. Kh2
Qd6 34. Qa4 Kf6 35. Qa8 Qc5 36. c4 Qxc4 37. Qxa3 e4 38. Qa7 Ke5 39. Qe3 Qb4 40.
Qf4+ Kd5 41. Qxh6 Qd6 42. Qg5+ Kd4 43. Qf4 Qe6 44. Qxe4+ Qxe4 45. Bxe4 Kxe4 46.
Kh3 Kf5 47. Kh2 Ke4 48. Kg2 Ke3 49. Kh3 Kf3 50. g4 Kf4 51. g5 Kf5 52. Kg3 Ke5
53. Kg4 Ke4 54. h5 Ke5 55. h6 Ke6 56. h7 Kf7 57. h8=Q 1-0

[Event "Titled Tue 24th Jun Early"]
[Site "chess.com INT"]
[Date "2025.06.24"]
[Round "3"]
[White "Suarez, Sebastian"]
[Black "Williams, Simon K"]
[Result "0-1"]
[BlackTitle "GM"]
[WhiteElo "2161"]
[BlackElo "2444"]
[WhiteFideId "30979080"]
[BlackFideId "404454"]
[EventDate "2025.06.24"]

1. d4 e6 2. c4 b6 3. g3 Bb7 4. Nf3 Bb4+ 5. Bd2 Bxf3 6. exf3 Bxd2+ 7. Qxd2 Nf6 8.
Bg2 O-O 9. O-O d5 10. Nc3 Nc6 11. cxd5 Nxd5 12. Nxd5 Qxd5 13. f4 Qd6 14. Rac1
Nxd4 15. Bxa8 Rxa8 16. Kg2 Rd8 17. Qe3 c5 18. Rfd1 a5 19. Rc3 Qd5+ 20. f3 Qxa2
21. Qf2 Qd5 22. Rcd3 g6 23. Qe3 h5 24. R1d2 a4 25. h4 b5 26. Qe1 Kh7 27. Qc1 b4
28. Qd1 Qc6 29. Qc1 Qb5 30. Qd1 Nf5 31. Qe2 Nd4 32. Qe5 Rd5 33. Qc7 Qd7 34. Qb8
Kg7 35. Qa8 Qb5 36. Qa7 Rd7 37. Qa8 Qc4 38. Qxa4 Rd5 39. Qa1 Nb3 40. Qd1 Nxd2
41. Rxd2 Rxd2+ 42. Qxd2 Qd4 43. Qc2 c4 44. Kf1 Kf6 45. Ke2 Ke7 46. Qd2 Qxd2+ 47.
Kxd2 Kd6 48. b3 c3+ 49. Kd3 Kd5 50. g4 f5 51. g5 Kc5 52. Ke3 Kd5 53. Kd3 e5 54.
fxe5 Kxe5 55. Ke3 c2 56. Kd2 Kf4 57. Kxc2 Kxf3 58. Kd3 Kg4 59. Kc4 f4 60. Kxb4
f3 61. Kc3 f2 0-1

[Event "Titled Tue 24th Jun Early"]
[Site "chess.com INT"]
[Date "2025.06.24"]
[Round "3"]
[White "Gibala, Adam"]
[Black "Oberoi, Shelev"]
[Result "0-1"]
[WhiteTitle "CM"]
[WhiteElo "2245"]
[BlackElo "2174"]
[WhiteFideId "21070288"]
[BlackFideId "30908590"]
[EventDate "2025.06.24"]

1. d4 d5 2. Nc3 Nf6 3. Bf4 a6 4. e3 e6 5. g4 c5 6. g5 Nfd7 7. Nf3 Nc6 8. Qd2 b5
9. h4 Nb6 10. a3 Bb7 11. h5 Nc4 12. Bxc4 dxc4 13. Rh3 cxd4 14. exd4 Ne7 15. Ne5
Nf5 16. g6 Nd6 17. gxf7+ Nxf7 18. h6 g6 19. Nxf7 Kxf7 20. Be5 Rg8 21. O-O-O b4
22. axb4 Bxb4 23. Qf4+ Ke8 24. Ne4 Bxe4 25. Qxe4 Qd5 26. Qxd5 exd5 27. c3 Be7
28. Kc2 Kd7 29. f4 Rgf8 30. Re1 Bd6 31. Rhe3 Rae8 32. Kb1 Bxe5 33. fxe5 Ke6 34.
Ka2 Rf2 35. Ka3 Rb8 36. R1e2 Rf1 37. Ka2 Rbf8 38. Rg3 R8f3 39. Rxf3 Rxf3 40. Rg2
Rh3 41. Rf2 Rxh6 42. Rf6+ Ke7 43. Rxa6 Rh2 44. Rd6 Rg2 45. Rxd5 h5 46. Ra5 h4
47. Ra7+ Ke6 48. Ra6+ Kf5 49. Rf6+ Kg5 50. Rf8 h3 51. Rh8 h2 52. e6 Re2 53. d5
Kf6 54. Rh3 g5 55. Ka3 g4 56. Rh6+ Ke7 57. Rh7+ Kd6 58. Rd7+ Kc5 0-1

[Event "Titled Tue 24th Jun Early"]
[Site "chess.com INT"]
[Date "2025.06.24"]
[Round "3"]
[White "Guerrero Cataldo, Juan Andres"]
[Black "De Boer, Eelke"]
[Result "0-1"]
[WhiteTitle "CM"]
[BlackTitle "IM"]
[WhiteElo "2082"]
[BlackElo "2409"]
[WhiteFideId "3421260"]
[BlackFideId "1048120"]
[EventDate "2025.06.24"]

1. e4 d5 2. exd5 Qxd5 3. Nc3 Qa5 4. b4 Qxb4 5. Rb1 Qd6 6. Nf3 Nf6 7. Be2 g6 8.
O-O Bg7 9. Nb5 Qd8 10. c4 O-O 11. h3 a6 12. Nbd4 e5 13. Nb3 e4 14. Nfd4 c5 15.
Nc2 Qc7 16. Bb2 Be6 17. Ne3 Rd8 18. Qc2 b6 19. d3 exd3 20. Bxd3 Nc6 21. a3 Nd4
22. Nxd4 cxd4 23. Nd1 Rac8 24. Rc1 Nh5 25. c5 bxc5 26. Bxa6 Ra8 27. Bd3 Nf4 28.
Be4 Rac8 29. Qd2 c4 30. Bf3 c3 31. Qc2 d3 32. Qa4 cxb2 33. Nxb2 Qxc1 34. Rxc1
Rxc1+ 35. Nd1 Ne2+ 36. Kh2 Nd4 37. Qa5 Nxf3+ 38. gxf3 Rcc8 39. Qd2 Be5+ 40. f4
Bf6 41. a4 Rc2 42. Qe3 d2 43. Qe2 Rc1 44. Ne3 d1=Q 45. Nxd1 Rcxd1 46. a5 Ra1 47.
a6 Ra8 48. f5 Bxf5 49. Qf3 R1xa6 50. h4 Bxh4 51. Qf4 Bf6 52. Kg2 Ra4 53. Qd6
Rg4+ 54. Kf1 Ra1+ 55. Ke2 Ra2+ 56. Kf3 Kg7 57. Qd1 Rd4 58. Qc1 Rdd2 59. Qc5
Rxf2+ 60. Qxf2 Rxf2+ 61. Kxf2 h5 0-1

[Event "Titled Tue 24th Jun Early"]
[Site "chess.com INT"]
[Date "2025.06.24"]
[Round "3"]
[White "Cahaya, Satria Duta"]
[Black "Mikhalsky, Vladimir"]
[Result "1-0"]
[WhiteTitle "FM"]
[WhiteElo "2386"]
[BlackElo "2219"]
[WhiteFideId "7124252"]
[BlackFideId "14144352"]
[EventDate "2025.06.24"]

1. e4 g6 2. d4 Bg7 3. Nc3 d6 4. Be3 a6 5. Qd2 b5 6. O-O-O Nd7 7. h4 Nb6 8. h5 b4
9. h6 Nxh6 10. Bxh6 bxc3 11. Qxc3 Bxh6+ 12. Rxh6 e5 13. Nf3 Bg4 14. Kb1 Bxf3 15.
Qxf3 Qg5 16. Qh3 exd4 17. Rxh7 Rxh7 18. Qxh7 Qf6 19. Qh3 Rb8 20. Qa3 Qxf2 21.
Qxa6 Kd8 22. a3 Qe3 23. Bd3 Nd7 24. Rh1 Ke7 25. Qc6 Rc8 26. Qb7 Nb6 27. a4 Qd2
28. Rf1 Qb4 29. Bb5 Nxa4 30. Kc1 Qxb2+ 31. Kd2 Qc3+ 32. Kc1 Qa1+ 33. Kd2 Qc3+
34. Kd1 Qa1+ 35. Ke2 Nc3+ 36. Kf3 Qxf1+ 37. Bxf1 Kd7 38. Ba6 Rd8 39. Bc4 Ke7 40.
Qxc7+ Rd7 41. Qc8 f5 42. exf5 d5 43. f6+ Kd6 44. Bd3 Rf7 45. Qd8+ Ke6 46. Qe8+
Kxf6 47. Kg4 Kg7 48. Qe6 Nd1 49. Qxg6+ Kf8 50. Qd6+ Kg7 51. Qe5+ Rf6 52. Kg5 Ne3
53. Qxf6+ 1-0